| 000 | 00436nab a2200145Ia 4500 | ||
|---|---|---|---|
| 003 | ES-SlBCS | ||
| 005 | 20210601124914.0 | ||
| 008 | 140529s1938 xxu||||| |||| 00| 0 eng d | ||
| 041 | _aeng | ||
| 100 | 1 |
_aLewis, Hywel D. _9151218 |
|
| 245 | 0 | 0 |
_aSome Observations on Natural Rights and the General Will (II) _c Hywel D. Lewis |
| 650 | 0 | 4 |
_aDerechos Naturales _9135495 |
| 773 | 0 |
_tMind _gvol. 47, 1938, págs. 18-44 _wRev1408 |
|
| 942 | _cAR | ||
| 999 |
_c521453 _d521453 |
||